| 000 | 00470nam a2200181Ia 4500 | ||
|---|---|---|---|
| 003 | GCL | ||
| 008 | 140319s9999 xx 000 0 eng d | ||
| 040 |
_aGCL / _cGCL |
||
| 082 | 0 | 4 |
_a616.21 _bH F |
| 100 | 1 | _aHASHEM FOUAD | |
| 245 | 1 | 0 |
_aFUNDAMENTALS OF EAR, NOSE AND THROAT DISEASES / _cHASHEM FOUAD |
| 300 |
_a24 CM ؛ _c195 P |
||
| 650 | 0 | 4 | _aEAR DISEASES |
| 650 | 0 | 4 | _aMEDICINE - PRACTICE |
| 650 | 0 | 4 | _aNOSE DISEASES |
| 650 | 0 | 4 | _aTHROAT DISEASES |
| 942 |
_2ddc _cBK |
||
| 999 |
_c9560 _d9560 |
||